आंबेडकरी चळवळ आणि साहित्य : (Record no. 67972)

MARC details
000 -LEADER
fixed length control field 01259nam a22002297a 4500
005 - DATE AND TIME OF LATEST TRANSACTION
control field 20120614170415.0
008 - FIXED-LENGTH DATA ELEMENTS--GENERAL INFORMATION
fixed length control field 081007t xxu||||| |||| 00| 0 mar
010 ## - LCCN (DPL NO)
LC control number MAR-22205
020 ## - INTERNATIONAL STANDARD BOOK NUMBER
Terms of availability 240.00
035 ## - SYSTEM CONTROL NUMBER
System control number MR-14863
037 ## - SOURCE OF ACQUISITION
Source of stock number/acquisition D.B.Act /pub
082 ## - DEWEY DECIMAL CLASSIFICATION NUMBER
Classification number 891.4609
100 ## - MAIN ENTRY--PERSONAL NAME
Personal name खंडेराव, हरीश
9 (RLIN) 49115
245 ## - TITLE STATEMENT
Title आंबेडकरी चळवळ आणि साहित्य :
Statement of responsibility, etc हरीश खंडेराव
Remainder of title सांस्कृतिक इतिहास /
246 ## - VARYING FORM OF TITLE
Title proper/short title Ambedkari Chalval Aani Sahitya : Sanskrutik Itihas
Remainder of title by Harish Khaderao
260 ## - PUBLICATION, DISTRIBUTION, ETC. (IMPRINT)
Place of publication, distribution, etc उल्लासनगर
Name of publisher, distributor, etc प्रज्ञा प्रकाशन
Date of publication, distribution, etc 2012
270 ## - ADDRESS
Address 208,बी विंग,'मधुबन' हाऊसिंग सोसायटी,सुभाष टेकडी,जि.ठाणे
City उल्लासनगर
Postal code -4
300 ## - PHYSICAL DESCRIPTION
Extent भा.1(240 पृ)
Dimensions 22सेमी (अजिल्द)
500 ## - GENERAL NOTE
General note भा.1
942 ## - ADDED ENTRY ELEMENTS (KOHA)
Source of classification or shelving scheme Dewey Decimal Classification
Item type Marathi Books
Call number suffix खंडेरा
Classification part 891.4609
Holdings
Withdrawn status Lost status Source of classification or shelving scheme Materials specified (bound volume or other part) Damaged status Not for loan Collection code Home library Current library Date acquired Source of acquisition Cost, normal purchase price Total Checkouts Full call number Barcode Date last seen Copy number Cost, replacement price Koha item type
    Dewey Decimal Classification भा.1   Not For Loan Non-fiction D.B.Act.Division D.B.Act.Division 15/06/2012 DBAD / PUB 240.00   891.4609 खंडेरा MR-14863 15/06/2012 1 240.00 Marathi Books

© Delhi Public Library
Hit Counter
free hit counter